[Event "AUTO-BEG-265"]
[Site "http://www.queenalice.com/game.php?id=493303"]
[Date "2008.11.14"]
[Round "1"]
[White "matheusinho_7_7"]
[Black "dartangnian"]
[Result "0-1"]
[WhiteElo "764"]
[BlackElo "1226"]

1. d4 d5 2. e3 c6 3. f3 g6 4. c3 Bg7 5. f4 Nf6 6. Bd3 O-O 7. e4 dxe4 8. Bxe4
Nxe4 9. d5 cxd5 10. Kf1 Qb6 11. g3 Qf2# 0-1

[Event "AUTO-BEG-265"]
[Site "http://www.queenalice.com/game.php?id=493319"]
[Date "2008.11.14"]
[Round "1"]
[White "cerebro_eb"]
[Black "dartangnian"]
[Result "0-1"]
[WhiteElo "942"]
[BlackElo "1226"]

1. d4 d5 2. Nc3 Nf6 3. Bg5 c6 4. e4 dxe4 5. Bc4 Bg4 6. f3 exf3 7. gxf3 Bf5 8. f4
Ng4 9. h3 Ne3 10. Qd2 Nxc4 11. Qe2 Qxd4 12. Qh5 Qe3+ 0-1

[Event "AUTO-BEG-265"]
[Site "http://www.queenalice.com/game.php?id=493320"]
[Date "2008.11.14"]
[Round "1"]
[White "dartangnian"]
[Black "cerebro_eb"]
[Result "1-0"]
[WhiteElo "1242"]
[BlackElo "937"]

1. e4 d5 2. exd5 Qxd5 3. Nc3 Qe5+ 4. Qe2 Qxe2+ 5. Bxe2 e5 6. Nf3 Bd6 7. d4 exd4
8. Nxd4 c5 9. Ndb5 Be5 10. Nd5 Nf6 11. Ndc7+ Bxc7 12. Nxc7+ Kd7 13. Nxa8 Na6 14.
Bf4 Nd5 15. O-O-O Kd8 16. Rxd5+ Ke7 17. Re5+ Kf6 18. Re1 Bf5 19. g4 Rxa8 20.
gxf5 g6 21. Bh6 Kxe5 22. Bxa6+ Kxf5 23. Bd3+ Kg4 24. Re5 Rd8 25. Rxc5 Kf3 26.
Rc7 Kxf2 27. Rxf7+ Ke1 28. Rf1# 1-0

[Event "AUTO-BEG-265"]
[Site "http://www.queenalice.com/game.php?id=493331"]
[Date "2008.11.14"]
[Round "1"]
[White "dartangnian"]
[Black "smosbeck"]
[Result "0-1"]
[WhiteElo "1323"]
[BlackElo "1106"]

1. g3 e5 2. c4 f5 3. d4 Nc6 4. d5 Nd4 5. e3 Nc6 6. dxc6 bxc6 7. Bg2 e4 8. Ne2
Qg5 9. Nbc3 Rb8 10. Qd4 Bb4 11. Qe5+ Ne7 12. O-O d6 13. Qf4 Qf6 14. Bd2 a5 15.
a3 Bc5 16. f3 g5 17. Nxe4 gxf4 18. Nxf6+ Kf7 19. gxf4 Rxb2 20. Bc3 Bxe3+ 21. Kh1
Rxe2 22. Nh5 Rg8 23. Rg1 Be6 24. Nf6 Rg6 25. Nxh7 Bxg1 26. Rxg1 Bxc4 27. Ng5+
Ke8 28. Bf1 Rf2 29. Bxc4 d5 30. Bd3 Rh6 31. Rg2 Rxg2 32. Kxg2 c5 33. Bb5+ Kf8
34. Bf6 Rxf6 35. Kf2 c4 36. Ne6+ Rxe6 0-1

[Event "AUTO-BEG-265"]
[Site "http://www.queenalice.com/game.php?id=493332"]
[Date "2008.11.14"]
[Round "1"]
[White "smosbeck"]
[Black "dartangnian"]
[Result "0-1"]
[WhiteElo "1054"]
[BlackElo "1244"]

1. c4 g6 2. Nc3 Nf6 3. d4 Bg7 4. d5 d6 5. e4 c5 6. e5 dxe5 7. a3 e6 8. Nf3 exd5
9. cxd5 O-O 10. Nxe5 Re8 11. f4 Nc6 12. Qa4 Bd7 13. Nb5 Nxe5 14. fxe5 Rxe5+ 15.
Be2 a6 16. Qf4 Nxd5 17. Qf2 Bg4 18. O-O Rxe2 19. h3 Rxf2 20. Rxf2 Bd7 21. Nd6
Qb6 22. Nc4 Qe6 23. Bg5 Nc7 24. b3 Bxa1 25. Bf4 Qe1+ 26. Rf1 Bd4+ 27. Ne3 Bxe3+
28. Bxe3 Qxe3+ 29. Kh1 Bc6 30. h4 Qe2 31. Rg1 Qh5 32. b4 Qxh4# 0-1

[Event "Let's Play Chess!"]
[Site "http://www.queenalice.com/game.php?id=494326"]
[Date "2008.11.17"]
[Round "-"]
[White "dartangnian"]
[Black "eduardopiveta"]
[Result "0-1"]
[WhiteElo "1232"]
[BlackElo "1705"]

1. d4 Nf6 2. Nf3 g6 3. g3 Bg7 4. Bg2 O-O 5. c4 c5 6. dxc5 Qa5+ 7. Bd2 Qxc5 8. b3
Ne4 9. O-O Bxa1 10. Be3 Qd6 11. Qxd6 Nxd6 12. Bd4 Bxd4 13. Nxd4 Nc6 14. Nxc6
bxc6 15. Nc3 Rb8 16. Rd1 Bb7 17. c5 Nb5 18. Nxb5 cxb5 19. Rxd7 Bxg2 20. Kxg2 Ra8
21. Rxe7 Rfe8 22. Rxe8+ Rxe8 23. e3 Kf8 0-1

[Event "AUTO-INT-1111"]
[Site "http://www.queenalice.com/game.php?id=496281"]
[Date "2008.11.21"]
[Round "1"]
[White "ricardobkf14"]
[Black "dartangnian"]
[Result "1-0"]
[WhiteElo "1581"]
[BlackElo "1247"]

1. e4 e5 2. Nf3 Nc6 3. Bc4 Bc5 4. d3 Nf6 5. O-O d6 6. Ng5 O-O 7. Nc3 Bg4 8. Nf3
Nd4 9. Be3 Bxf3 10. gxf3 c6 11. f4 exf4 12. Bxf4 d5 13. e5 Nd7 14. Qg4 Nxc2 15.
Bh6 g6 16. d4 Nxd4 17. Rad1 Nxe5 18. Qf4 Ne2+ 19. Nxe2 Bd6 20. Bg5 Qd7 21. Rd4
Nxc4 22. Qh4 Qe6 23. Re1 Bc5 24. Rd3 Nxb2 25. Rh3 h5 26. Be3 Bxe3 27. Rxe3 Qf6
28. Qxf6 1-0

[Event "AUTO-INT-1111"]
[Site "http://www.queenalice.com/game.php?id=496282"]
[Date "2008.11.21"]
[Round "1"]
[White "dartangnian"]
[Black "ricardobkf14"]
[Result "1/2-1/2"]
[WhiteElo "1313"]
[BlackElo "1574"]

1. e4 d5 2. Nc3 d4 3. Nce2 Nc6 4. Nf3 Nf6 5. d3 e6 6. c3 dxc3 7. Nxc3 Bc5 8. Be2
O-O 9. O-O b6 10. Bg5 h6 11. Bxf6 Qxf6 12. Rb1 Nd4 13. e5 Nxf3+ 14. Bxf3 Qxe5
15. Bxa8 Bd6 16. g3 Qc5 17. Ne4 Qe5 18. Nxd6 Qxd6 19. Qf3 Ba6 20. Be4 f5 21. Bb7
Bxd3 22. Rbd1 Be4 23. Bxe4 fxe4 24. Qxe4 Qe7 25. Rfe1 Rf6 26. Qa8+ Rf8 27. Qxa7
Qc5 28. Rf1 c6 29. Rfe1 Qxf2+ 30. Kh1 Qf3+ 31. Kg1 Qf2+ 32. Kh1 Qf3+ 1/2-1/2

[Event "AUTO-INT-1111"]
[Site "http://www.queenalice.com/game.php?id=496293"]
[Date "2008.11.21"]
[Round "1"]
[White "robertot"]
[Black "dartangnian"]
[Result "1-0"]
[WhiteElo "1653"]
[BlackElo "1280"]

1. d4 d5 2. c4 e6 3. Nf3 Nf6 4. Bg5 Nbd7 5. e3 c6 6. Nc3 Qa5 7. a3 Bxa3 8. Rxa3
Qb4 9. cxd5 Qxb2 10. Qb3 Qxb3 11. Rxb3 exd5 12. Bxf6 Nxf6 13. Be2 O-O 14. O-O
Rb8 15. Ra1 Re8 16. Rxa7 Bf5 17. Rbxb7 Rxb7 18. Rxb7 Ne4 19. Nxe4 Bxe4 20. Rc7
h6 21. Rxc6 Rb8 22. Ne5 Rb1+ 23. Bf1 f6 24. Nf3 Bd3 25. Nd2 1-0

[Event "AUTO-INT-1111"]
[Site "http://www.queenalice.com/game.php?id=496294"]
[Date "2008.11.21"]
[Round "1"]
[White "dartangnian"]
[Black "robertot"]
[Result "1-0"]
[WhiteElo "1253"]
[BlackElo "1557"]

1. Nf3 Nf6 2. g3 g6 3. Bg2 Bg7 4. O-O O-O 5. d3 d5 6. Nc3 Nc6 7. e4 d4 8. Ne2 e5
9. Bg5 h6 10. Bd2 g5 11. c3 g4 12. Nxe5 Nxe5 13. Nxd4 h5 14. Bg5 c5 15. Nf5 Bxf5
16. Bxf6 Qxf6 17. exf5 Qxf5 18. Bxb7 Rab8 19. Be4 Qg5 20. f4 1-0

[Event "AUTO-INT-1111"]
[Site "http://www.queenalice.com/game.php?id=496301"]
[Date "2008.11.21"]
[Round "1"]
[White "dartangnian"]
[Black "nekaun"]
[Result "1-0"]
[WhiteElo "1293"]
[BlackElo "1399"]

1. d4 Nc6 2. e4 e5 3. d5 Na5 4. Nc3 Nf6 5. b4 c5 6. bxa5 Qxa5 7. Bd2 b5 8. Nxb5
a6 9. Bxa5 axb5 10. Bd2 b4 11. Nf3 Nxe4 12. Nxe5 d6 13. Bb5+ Ke7 14. Nc6+ Kf6
15. Qf3+ Kg6 16. Qxe4+ Bf5 17. Qf4 h5 18. Qg5+ Kh7 19. Qxf5+ g6 20. Qxf7+ Bg7
21. Bd3 Rhf8 22. Qxg6+ Kg8 23. Bh6 Rf7 24. Qh7+ Kf8 25. Bxg7+ Rxg7 26. Qh8+ Kf7
27. Qxa8 Rxg2 28. Qd8 Rg8 29. Qe7# 1-0

[Event "AUTO-INT-1111"]
[Site "http://www.queenalice.com/game.php?id=496302"]
[Date "2008.11.21"]
[Round "1"]
[White "nekaun"]
[Black "dartangnian"]
[Result "1-0"]
[WhiteElo "1498"]
[BlackElo "1236"]

1. e4 e6 2. d4 d5 3. Nc3 Nf6 4. exd5 Nxd5 5. Bc4 Bb4 6. Bd2 Bxc3 7. Bxc3 Nc6 8.
Qe2 Nf4 9. Qe4 Qg5 10. g3 Ng6 11. Bd2 Qd8 12. f4 Qxd4 13. Qxd4 Nxd4 14. O-O-O b5
15. Bb3 Nxb3+ 16. cxb3 O-O 17. Nf3 Bb7 18. Bb4 Bxf3 19. Rd3 Bxh1 20. Bxf8 Rxf8
21. b4 h6 22. Rd1 Bd5 23. g4 Nxf4 24. Rd4 Ne2+ 25. Kd2 Nxd4 26. Kd3 Nf3 27. b3
Ne5+ 28. Kd4 Nf3+ 29. Ke3 Nxh2 30. Kf4 g5+ 31. Ke5 Nxg4+ 32. Kd4 h5 33. Kc5 h4
34. Kxb5 h3 35. Kc5 h2 36. Kd4 1-0

[Event "Let's Play Chess!"]
[Site "http://www.queenalice.com/game.php?id=496305"]
[Date "2008.11.21"]
[Round "-"]
[White "dartangnian"]
[Black "angeloagra"]
[Result "0-1"]
[WhiteElo "1253"]
[BlackElo "1442"]

1. c4 e5 2. e4 d6 3. Nc3 Nc6 4. Nf3 f5 5. exf5 Bxf5 6. d4 Qf6 7. Nd5 Qf7 8. Ng5
Qd7 9. Be2 O-O-O 10. dxe5 Nb4 11. O-O dxe5 12. Ne3 Bc5 13. Qxd7+ Rxd7 14. Nxf5
h6 15. Ne6 Bb6 16. c5 Ba5 17. Be3 g6 18. Ng3 Re7 19. Bg4 h5 20. Rfd1 Nc6 21.
Nxc7+ hxg4 22. Nd5 Reh7 23. Nf1 Nge7 24. Nf6 Rf7 25. Bg5 Rd8 26. Rxd8+ Bxd8 27.
Ne3 Nf5 28. Ne4 Rd7 29. Bxd8 Rxd8 30. Nxg4 Nfd4 31. Nd6+ Kc7 32. Rd1 b6 33. Nb5+
Kb7 34. Nxd4 Nxd4 35. Nxe5 Ne2+ 36. Kf1 Rxd1+ 37. Kxe2 Rd5 38. Nxg6 bxc5 39. h4
a5 40. Nf4 Re5+ 41. Kf3 a4 42. Nd3 Rf5+ 43. Kg4 Rd5 44. Nf4 Rd4 0-1

[Event "AUTO-BEG-267"]
[Site "http://www.queenalice.com/game.php?id=496511"]
[Date "2008.11.21"]
[Round "1"]
[White "smosbeck"]
[Black "dartangnian"]
[Result "1-0"]
[WhiteElo "1131"]
[BlackElo "1278"]

1. e4 e5 2. f3 Bc5 3. Bc4 Nf6 4. d4 Bxd4 5. Nh3 h6 6. f4 exf4 7. Nxf4 Bb6 8. e5
Ne4 9. Qd3 Nf2 10. Qd5 O-O 11. Rf1 Qh4 12. Ng6 Ng4+ 13. Nxh4 c6 14. Qe4 Nxh2 15.
Rf5 d5 16. Bxd5 cxd5 17. Qxd5 Be6 18. Qd3 Bxf5 19. Nxf5 g6 20. Ne7+ Kg7 21. Qd2
Nd7 22. Qxd7 Ba5+ 23. c3 Rad8 24. Qb5 Bb6 25. Nd2 Rfe8 26. Qb4 Ng4 27. Ne4 Nxe5
28. Bf4 Nd3+ 29. Ke2 Nxb4 30. Bd6 Rxd6 31. Nxd6 Rxe7+ 32. Kd2 Nd5 33. Rf1 1-0

[Event "AUTO-BEG-267"]
[Site "http://www.queenalice.com/game.php?id=496512"]
[Date "2008.11.21"]
[Round "1"]
[White "dartangnian"]
[Black "smosbeck"]
[Result "0-1"]
[WhiteElo "1256"]
[BlackElo "1153"]

1. e4 c5 2. Nf3 Nc6 3. Bb5 a6 4. Bxc6 bxc6 5. d4 e6 6. Bf4 c4 7. Ne5 f6 8. Nxc4
Rb8 9. Bxb8 f5 10. exf5 exf5 11. Qe2+ Be7 12. Nd6+ Kf8 13. Qc4 Qa5+ 14. Nc3 Qe5+
15. Kf1 Bxd6 16. dxe5 Bxb8 17. Re1 Ne7 18. f4 d5 19. Qb4 Ba7 20. a4 d4 21. Ne2
c5 22. Qc4 h5 23. Nxd4 h4 24. b4 h3 25. gxh3 cxd4 26. Rd1 Rh4 27. Rxd4 Bxd4 28.
Qxd4 Nc6 29. Qc5+ Kf7 30. Qxc6 Rxf4+ 31. Kg2 Be6 32. Rd1 g5 0-1

[Event "AUTO-BEG-267"]
[Site "http://www.queenalice.com/game.php?id=496527"]
[Date "2008.11.21"]
[Round "1"]
[White "danilokiel"]
[Black "dartangnian"]
[Result "1-0"]
[WhiteElo "1252"]
[BlackElo "1298"]

1. d4 d5 2. e3 Nf6 3. c4 c6 4. cxd5 cxd5 5. Nf3 g6 6. Nc3 Bg4 7. Be2 Bg7 8. h3
Be6 9. g4 O-O 10. g5 Nfd7 11. h4 f6 12. a4 Nc6 13. a5 Nxa5 14. gxf6 exf6 15. b4
Nc4 16. h5 Kf7 17. h6 Bh8 18. b5 g5 19. Ba3 Nxa3 20. Rxa3 a6 21. bxa6 Rxa6 22.
Rxa6 bxa6 23. Bxa6 Qa5 24. Qd3 Qa1+ 25. Nd1 Ra8 26. Bb7 Ra7 27. Qxh7+ Ke8 28.
Qxh8+ Nf8 29. Bc6+ Bd7 30. Qxf6 Qa5+ 31. Kf1 Qa6+ 32. Kg2 Qxc6 33. Qxg5 Qg6 34.
Qxg6+ Nxg6 35. h7 Kf7 36. Rh6 Kg7 37. Rh5 Bg4 38. Rh2 Kh8 39. Ng5 Bxd1 40. f4
Bc2 41. Kg3 Nf8 42. Kg4 Nxh7 43. f5 Rg7 44. Rh5 Rxg5+ 45. Rxg5 Nxg5 46. Kxg5 Kg7
47. Kf4 Kf6 48. Kg4 Bxf5+ 49. Kf4 Kg6 50. Ke5 Be4 51. Kf4 Kf6 52. Kg3 1-0

[Event "AUTO-BEG-267"]
[Site "http://www.queenalice.com/game.php?id=496528"]
[Date "2008.11.21"]
[Round "1"]
[White "dartangnian"]
[Black "danilokiel"]
[Result "1-0"]
[WhiteElo "1232"]
[BlackElo "1239"]

1. e4 e5 2. Nf3 d6 3. d4 exd4 4. Nxd4 c5 5. Bb5+ Bd7 6. Bxd7+ Nxd7 7. Nb5 a6 8.
Nxd6+ Bxd6 9. Qxd6 h5 10. Nc3 f6 11. Nd5 h4 12. Nc7+ Kf7 13. Nxa8 Qxa8 14. Qxd7+
Kg6 15. Qf5+ Kf7 16. e5 g6 17. Qd7+ Kf8 18. Qd6+ Ne7 19. Qxf6+ Ke8 20. Qxh8+ Kd7
21. Qxa8 Kc6 22. Qe8+ Kc7 23. Qxe7+ Kc6 24. Be3 b6 25. c4 a5 26. Rd1 a4 27. Qd7#
1-0

[Event "Um por todos e todos por um"]
[Site "http://www.queenalice.com/game.php?id=542311"]
[Date "2009.2.18"]
[Round "-"]
[White "Saru"]
[Black "dartangnian"]
[Result "1-0"]
[WhiteElo "1401"]
[BlackElo "1223"]

1. d4 d5 2. Bf4 c5 3. e3 Nf6 4. Bb5+ Bd7 5. Na3 Bxb5 6. Nxb5 Na6 7. Be5 Qa5+ 8.
Nc3 Ne4 9. Qg4 cxd4 10. Bxd4 Nb4 11. Rc1 Nxa2 12. Ra1 1-0